Cartilla agrícola para la enseñanza de la Agricultura.

Gespeichert in:
Bibliographische Detailangaben
1. Verfasser: Fernández Ascarza, Victoriano. Autor, Profesor por Oposición de la Escuela Normal de Maestros
Format: keine Angabe
Sprache:Spanisch
Erschienen: Madrid Magisterio Español 1928
Ausgabe:16ª
Katalog:MANES:  Suchergebnis im Bibliothekskatalog
Schulbuchspezifische Eigenschaften:
Schriftenreihe:Curso Completo de 1ª Enseñanza
Tags: Tag hinzufügen
Keine Tags, Fügen Sie den ersten Tag hinzu!
Hinzugefügt zu:26.04.2016
Geändert in:07.05.2025

MARC

LEADER 000000000a22000000004500
001 11847
003 OSt
005 20250507133336.0
008 160427s sp ||||| |||| 00| 0 spa d
040 |c centro_manes 
041 1 |a spa 
561 |5 es-CICE  |a España. Centro Internacional de la Cultura Escolar  |k MANES 
691 0 |a PRI 
100 1 |a Fernández Ascarza, Victoriano. Autor, Profesor por Oposición de la Escuela Normal de Maestros  |9 6927 
245 0 0 |a Cartilla agrícola para la enseñanza de la Agricultura. 
250 |a 16ª 
260 3 |a Madrid  |b Magisterio Español  |c 1928 
300 |a 32 p.  |c 18 x 12 cm 
440 |a Curso Completo de 1ª Enseñanza  |9 2704 
690 0 |a ETP 
942 |2 ddc  |c BK 
546 |a España 
999 |c 17821  |d 17821 
999 |c manes:17821  |d 17821